| 000 | 00964nam a2200277 a 4500 | ||
|---|---|---|---|
| 001 | 78130 | ||
| 003 | BD-RjUL | ||
| 005 | 20211209083107.0 | ||
| 008 | 210325r19551932enk 000 0 eng | ||
| 035 | _a(BD-RjUL)78356 | ||
| 040 |
_aDLC _cCarP _dDLC _dBD-RjUL _beng |
||
| 041 | _aeng | ||
| 082 |
_223 _a824.8 _bSHM 1955 |
||
| 100 | 1 |
_aShaw, Bernard, _d1856-1950. _9246574 |
|
| 245 | 1 | 0 |
_aMajor critical essays: _bThe quintessence of Ibsenism. The perfect Wagnerite. The sanity of art / _cby Bernard Shaw. |
| 250 | _aStandard ed. | ||
| 260 |
_aLondon : _bConstable and company limited, _c1932 [reprinted 1955] |
||
| 300 |
_aviii, 331, [1] p.; _c21 cm. |
||
| 600 | 1 | 0 |
_aIbsen, Henrik, _d1828-1906. _9246579 |
| 600 | 1 | 0 |
_aWagner, Richard, _d1813-1883. _tRing des Nibelungen. [from old catalog] _9246580 |
| 600 | 1 | 0 |
_aNordau, Max Simon, _d1849-1923. _tEntartung. _9246577 |
| 650 | 0 |
_aArt. _9246578 |
|
| 942 |
_2ddc _cBK |
||
| 999 |
_c78130 _d78130 |
||